书目信息 |
| 题名: |
新药发现与筛选
|
|
| 作者: | 郭增军 主编 | |
| 分册: | ||
| 出版信息: | 西安 西安交通大学出版社 2017.1 |
|
| 页数: | 332页 | |
| 开本: | 26cm | |
| 丛书名: | ||
| 单 册: | ||
| 中图分类: | R97 | |
| 科图分类: | ||
| 主题词: | 药品--开发--研究生--教材 , 药品--筛选--研究生--教材 | |
| 电子资源: | ||
| ISBN: | 978-7-5605-8269-6 | |
| 000 | 01038nam0 2200265 450 | |
| 001 | 0400001814 | |
| 005 | 20171019163745.0 | |
| 010 | @a978-7-5605-8269-6@dCNY48.00 | |
| 100 | @a20170328e2017 em y0chiy50 ea | |
| 101 | 0 | @achi |
| 102 | @aCN@b610000 | |
| 105 | @aa z 000yy | |
| 106 | @ar | |
| 200 | 1 | @a新药发现与筛选@9xin yao fa xian yu shai xuan@f郭增军主编 |
| 210 | @a西安@c西安交通大学出版社@d2017.1 | |
| 215 | @a332页@c图@d26cm | |
| 300 | @a西安交通大学研究生创新教育系列教材 | |
| 300 | @a西安交通大学研究生教学研究与教学改革项目 | |
| 330 | @a本书主要介绍了新药发现与筛选的基本概念、新药研究与发现的现状及趋势、新药发现及新药设计中的主要靶标、活性化合物及先导化合物的发现、常用药物筛选方法的原理及操作过程、创新药物研究过程中的新方法和新技术的基本原理及其在新药研究中的应用、新药的知识产权及注册管理等内容。 | |
| 606 | 0 | @a药品@x开发@x研究生@j教材 |
| 606 | 0 | @a药品@x筛选@x研究生@j教材 |
| 690 | @aR97@v5 | |
| 701 | 0 | @a郭增军@9guo zeng jun@4主编 |
| 801 | 0 | @aCN@b91MARC@c20171019 |
| 905 | @b1025706-10@dR97@f5@e119 | |
| 新药发现与筛选/郭增军主编.-西安:西安交通大学出版社,2017.1 |
| 332页:图;26cm |
| 西安交通大学研究生创新教育系列教材.-西安交通大学研究生教学研究与教学改革项目 |
| ISBN 978-7-5605-8269-6:CNY48.00 |
| 本书主要介绍了新药发现与筛选的基本概念、新药研究与发现的现状及趋势、新药发现及新药设计中的主要靶标、活性化合物及先导化合物的发现、常用药物筛选方法的原理及操作过程、创新药物研究过程中的新方法和新技术的基本原理及其在新药研究中的应用、新药的知识产权及注册管理等内容。 |
| ● |
| 相关链接 |
|
|
|
|
正题名:新药发现与筛选
索取号:R97/119
 
预约/预借
| 序号 | 登录号 | 条形码 | 馆藏地/架位号 | 状态 | 备注 |
| 1 | 1025706 | 210257069 | 第二样本阅览室/ [索取号:R97/119] | 在馆 | |
| 2 | 1025707 | 210257078 | 密集书库-生命科学系/ [索取号:R97/119] | 在馆 | |
| 3 | 1025708 | 210257087 | 第三借阅区/ [索取号:R97/119] | 在馆 | |
| 4 | 1025709 | 210257096 | 第三借阅区/ [索取号:R97/119] | 在馆 | |
| 5 | 1025710 | 210257103 | 第三借阅区/ [索取号:R97/119] | 在馆 |